Normal view
MARC view
- Kreyszig, Erwin.
Entry Personal Name
001 - CONTROL NUMBER
- control field: 21806
003 - CONTROL NUMBER IDENTIFIER
- control field: NUST
005 - DATE AND TIME OF LATEST TRANSACTION
- control field: 20190927151146.0
008 - FIXED-LENGTH DATA ELEMENTS
- fixed length control field: 190927|| aca||aabn | a|a d
040 ## - CATALOGING SOURCE
- Original cataloging agency: NUST
- Transcribing agency: NUST
100 ## - HEADING--PERSONAL NAME
- Personal name: Kreyszig, Erwin.
- Title of a work: Advanced engineering mathematics.
670 ## - SOURCE DATA FOUND
- Source citation: Work cat.: (NUST)0: Kreyszig, Erwin. 572, Mathematica computer guide :, c2002.
